Modern teaching of chemistry : strictly according to the UGC syllabus for B.Ed. course

Bibliographic Details
Main Author: Singh , Man Pal
Format: Book
Published: New Delhi : Anmol Publications , 2004
Subjects:

MARC

LEADER 00000cam a2200000 7i4500
001 0000018094
005 20080603.0
008 080603
020 |a 8126120746 
090 0 0 |a 540.071   |b SIN 
100 1 |a Singh , Man Pal 
245 1 0 |a Modern teaching of chemistry :   |b strictly according to the UGC syllabus for B.Ed. course   |c Man Pal Singh 
260 |a New Delhi :   |b Anmol Publications ,   |c 2004 
650 0 |a Chemistry   |x study and teaching 
999 |a 0001019997   |b Book   |c REFERENCE   |e Perbadanan Perpustakaan Awam Johor